Trabajadores del norte argentino : Debates e iniciativas en la cámara de diputados. /

Guardado en:
Autor Principal: Solari, Juan Antonio.
Formato: Libro
Idioma:Undetermined
Publicado: Buenos Aires : [s.n.], 1937.
Materias:
Etiquetas: Agregar Etiqueta
Sin Etiquetas, Sea el primero en etiquetar este registro!
LEADER 00564nam a22001575a 4500
001 EHU.bham048393
005 20110927111847.0
008 110927s1937####ag############000#0#und#d
100 1 |a Solari, Juan Antonio. 
245 0 0 |a Trabajadores del norte argentino :  |b Debates e iniciativas en la cámara de diputados. /  |c Juan Antonio Solari. 
260 |a Buenos Aires :  |b [s.n.],  |c 1937. 
300 |a 157 p. 
653 |a Política argentina 
653 |a Trabajadores nativos. 
653 |a Historia argentina. 
859 |a AR-BHAM  |b BIB. HUMANIDADES - Donacion Lejarraga  |h MFN002612  |p 002612.19